The Vatican and catholic activism in México and Chile

Saved in:
書目詳細資料
主要作者: Andes, Stephen J. C (Author)
格式: 圖書
語言:英语
出版: Oxford, United Kingdom Oxford University Press 2014
主題:
在線閱讀:Disponible Online
標簽: 添加標簽
沒有標簽, 成為第一個標記此記錄!

MARC

LEADER 00000cam a2200000 a 4500
001 UCE7780
003 CL-VaPUC
005 20210727212916.0
008 150703e20140000uk |||||||||||||||||eng|d
999 |c 359804  |d 359802 
020 |a 9780199688487 
040 |c Pontificia Universidad Católica de Valparaíso 
082 0 4 |a 327.09 AND 2014  |2 21 
100 0 |a Andes, Stephen J. C  |e author  |9 580497 
245 1 4 |a The Vatican and catholic activism in México and Chile 
260 |a Oxford, United Kingdom   |b Oxford University Press  |c 2014 
300 |a 250 páginas  
583 |a last modification  |c 20150703 10:05:00  |k Rodrigo Vera 
650 0 |a Relaciones Internacionales  |9 255740 
650 0 |a Historia siglo 20  |9 255736 
650 0 |a Derecho internacional público   |2 CL-VaPUC  |9 256065  |z Vaticano  |z México  |z Chile  
856 |u https://oxford-universitypressscholarship-com.pucv.idm.oclc.org/view/10.1093/acprof:oso/9780199688487.001.0001/acprof-9780199688487?rskey=yHDcEu&result=1  |y Disponible Online  
942 |c BK  |2 ddc 
945 |d 20150703 10:05:00  |a gsalatino 
952 |0 0  |1 0  |3 erd  |4 0  |6 327_090000000000000_AND_2014  |7 0  |8 DER_HDC  |9 469350  |a BIBDER  |b BIBDER  |i 5169240  |l 1  |o 327.09 AND 2014  |p 5169240  |r 2020-03-23  |s 2020-03-16  |w 2019-11-23  |x Ubicación 4to Piso  |y BK  |z Estos recursos deben solicitarse con anticipación  |k DER